Интраоперационное моделирование возбуждения миокарда предсердий; Известия Томского политехнического университета [Известия ТПУ]; Т. 317, № 5 : Управление, вычислительная техника и информатика
| Parent link: | Известия Томского политехнического университета [Известия ТПУ]/ Томский политехнический университет (ТПУ).— , 2000- Т. 317, № 5 : Управление, вычислительная техника и информатика.— 2010.— [С. 189-194] |
|---|---|
| Muut tekijät: | , , , , |
| Yhteenveto: | Заглавие с титульного листа Электронная версия печатной публикации Рассмотрены вопросы моделирования возбуждения предсердий в клинических условиях, основные предъявляемые к модели требования и существующие способы моделирования динамики возбуждения сократительного миокарда. За основу модели взята теория клеточных автоматов. Расчет производится на прямоугольной сетке. Для каждой пары элементов клеточного автомата рассчитывалось значение задержки передачи возбуждения. Такой подход позволил адаптировать модель к индивидуальным особенностям объекта исследования. |
| Kieli: | venäjä |
| Julkaistu: |
2010
|
| Sarja: | Управление, вычислительная техника и информатика |
| Aiheet: | |
| Linkit: | http://www.lib.tpu.ru/fulltext/v/Bulletin_TPU/2010/v317/i5/40.pdf |
| Aineistotyyppi: | MixedMaterials Elektroninen Kirjan osa |
| KOHA link: | https://koha.lib.tpu.ru/cgi-bin/koha/opac-detail.pl?biblionumber=193912 |
MARC
| LEADER | 00000nla2a2200000 4500 | ||
|---|---|---|---|
| 001 | 193912 | ||
| 005 | 20231031182106.0 | ||
| 035 | |a (RuTPU)RU\TPU\book\211463 | ||
| 035 | |a RU\TPU\book\211462 | ||
| 090 | |a 193912 | ||
| 100 | |a 20110330d2010 k y0rusy50 ca | ||
| 101 | 0 | |a rus | |
| 102 | |a RU | ||
| 135 | |a drnn ---uucaa | ||
| 181 | 0 | |a i | |
| 182 | 0 | |a b | |
| 200 | 1 | |a Интраоперационное моделирование возбуждения миокарда предсердий |b Электронный ресурс |f С. Ю. Андреев [и др.] | |
| 203 | |a Текст |c электронный | ||
| 215 | |a 1 файл (201 Кб) | ||
| 225 | 1 | |a Управление, вычислительная техника и информатика | |
| 230 | |a Электронные текстовые данные (1 файл : 201 Кб) | ||
| 300 | |a Заглавие с титульного листа | ||
| 300 | |a Электронная версия печатной публикации | ||
| 320 | |a [Библиогр.: с. 194 (10 назв.)] | ||
| 330 | |a Рассмотрены вопросы моделирования возбуждения предсердий в клинических условиях, основные предъявляемые к модели требования и существующие способы моделирования динамики возбуждения сократительного миокарда. За основу модели взята теория клеточных автоматов. Расчет производится на прямоугольной сетке. Для каждой пары элементов клеточного автомата рассчитывалось значение задержки передачи возбуждения. Такой подход позволил адаптировать модель к индивидуальным особенностям объекта исследования. | ||
| 337 | |a Adobe Reader | ||
| 461 | 1 | |0 (RuTPU)RU\TPU\book\176237 |t Известия Томского политехнического университета [Известия ТПУ] |f Томский политехнический университет (ТПУ) |d 2000- | |
| 463 | 1 | |0 (RuTPU)RU\TPU\book\210457 |x 1684-8519 |t Т. 317, № 5 : Управление, вычислительная техника и информатика |v [С. 189-194] |d 2010 |p 228 с. | |
| 610 | 1 | |a сердечные аритмии | |
| 610 | 1 | |a миокард предсердий | |
| 610 | 1 | |a моделирование | |
| 610 | 1 | |a клеточные автоматы | |
| 610 | 1 | |a труды учёных ТПУ | |
| 610 | 1 | |a электронный ресурс | |
| 701 | 1 | |a Андреев |b С. Ю. | |
| 701 | 1 | |a Баталов |b Р. Е. | |
| 701 | 1 | |a Попов |b С. В. | |
| 701 | 1 | |a Кочегуров |b В. А. |c математик |c профессор Томского политехнического университета |f 1931- |g Владимир Александрович |2 stltpush |3 (RuTPU)RU\TPU\pers\13833 | |
| 701 | 1 | |a Вадутова |b Ф. А. |c российский ученый, специалист в области прикладной математики |c доцент Томского политехнического университета, кандидат технических наук |f 1940- |g Фаина Александровна |2 stltpush |3 (RuTPU)RU\TPU\pers\28074 | |
| 801 | 2 | |a RU |b 63413507 |c 20211224 |g PSBO | |
| 856 | 4 | |u http://www.lib.tpu.ru/fulltext/v/Bulletin_TPU/2010/v317/i5/40.pdf | |
| 942 | |c CF | ||